[Event "FRA-ch Blitz Online Qual"]
[Site "Europe Echecs INT"]
[Date "2020.05.16"]
[Round "4"]
[White "Quere, Alexandre"]
[Black "Inventar, Alexandre"]
[Result "1-0"]
[WhiteElo "2022"]
[BlackElo "1437"]
[PlyCount "73"]
[EventDate "2020.05.16"]
[EventType "swiss (blitz)"]
[EventRounds "15"]
[EventCountry "FRA"]
[SourceTitle "CBM 196 Extra"]
[Source "ChessBase"]
[SourceDate "2020.07.31"]
[SourceVersion "1"]
[SourceVersionDate "2020.07.31"]
[SourceQuality "1"]

1. Nf3 d6 2. d4 Nd7 3. c4 Ngf6 4. Nc3 e5 5. e4 Be7 6. Bg5 c6 7. Be2 Qc7 8. 0-0 0-0 9. d5 Nc5 10. Nd2 a6 11. b4 Ncd7 12. Rc1 Re8 13. Nb3 Nf8 14. c5 cxd5 15. Bxf6 Bxf6 16. Nxd5 Qd8 17. cxd6 Qxd6 18. Nc7 Qxd1 19. Rfxd1 Be6 20. Nxa8 Rxa8 21. Bc4 Bg4 22. f3 Bh5 23. Bd5 Rb8 24. Rc7 b6 25. Rdc1 h6 26. Ra7 Bg5 27. Rcc7 Be3+ 28. Kf1 a5 29. Bxf7+ Bxf7 30. Rxf7 Ne6 31. Ke2 Bg1 32. bxa5 bxa5 33. Rfe7 Nd4+ 34. Kf1 Be3 35. Rxg7+ Kf8 36. Rh7 Nxb3 37. Rh8# 1-0

[Event "St Denis op 21st"]
[Site "St Denis"]
[Date "2019.10.20"]
[Round "1"]
[White "Ova, Roberto"]
[Black "Quere, Alexandre"]
[Result "1/2-1/2"]
[WhiteElo "1328"]
[BlackElo "2042"]
[PlyCount "54"]
[EventDate "2019.10.20"]
[EventType "swiss"]
[EventRounds "9"]
[EventCountry "RUF"]
[SourceTitle "CBM 192 Extra"]
[Source "Chessbase"]
[SourceDate "2019.11.06"]
[SourceVersion "1"]
[SourceVersionDate "2019.11.06"]
[SourceQuality "1"]

1. d4 Nf6 2. c4 g6 3. Nc3 Bg7 4. Nf3 0-0 5. e4 d6 6. Be2 Na6 7. 0-0 e5 8. dxe5 dxe5 9. b3 Qe7 10. Bb2 c6 11. a3 Nh5 12. b4 Nf4 13. Qc2 Nc7 14. Rfd1 Bg4 15. h3 Nxe2+ 16. Qxe2 Bxf3 17. Qxf3 Ne6 18. Ne2 Rad8 19. c5 f5 20. exf5 gxf5 21. Qb3 Kh8 22. Rxd8 Rxd8 23. Rd1 Ng5 24. f3 Rxd1+ 25. Qxd1 e4 26. Bxg7+ Kxg7 27. Ng3 Qe6 1/2-1/2

[Event "Reunion op 20th"]
[Site "St Denis"]
[Date "2018.10.16"]
[Round "4"]
[White "Quere, Alexandre"]
[Black "Bah, Ismael"]
[Result "1-0"]
[WhiteElo "2087"]
[BlackElo "1687"]
[PlyCount "49"]
[EventDate "2018.10.14"]
[EventType "swiss"]
[EventRounds "9"]
[EventCountry "RUF"]
[SourceTitle "CBM 187 Extra"]
[Source "ChessBase"]
[SourceDate "2018.11.04"]
[SourceVersion "1"]
[SourceVersionDate "2018.11.04"]
[SourceQuality "1"]

1. d4 d5 2. Nf3 Nf6 3. Bf4 e6 4. e3 Bd6 5. Bg3 0-0 6. Nbd2 c6 7. Bd3 Qc7 8. Ne5 Nbd7 9. f4 c5 10. c3 b6 11. 0-0 Bb7 12. Qf3 Rac8 13. Bh4 a6 14. g4 Kh8 15. g5 Ng8 16. Qh3 g6 17. Rf3 Kg7 18. Qg4 h5 19. gxh6+ Nxh6 20. Qg5 Bxe5 21. fxe5 Rh8 22. Bxg6 Qd8 23. Qg3 f6 24. exf6+ Kf8 25. Qd6+ 1-0

[Event "Reunion op 20th"]
[Site "St Denis"]
[Date "2018.10.15"]
[Round "2"]
[White "Quere, Alexandre"]
[Black "Rebut, Paul"]
[Result "1/2-1/2"]
[WhiteElo "2087"]
[BlackElo "1718"]
[PlyCount "90"]
[EventDate "2018.10.14"]
[EventType "swiss"]
[EventRounds "9"]
[EventCountry "RUF"]
[SourceTitle "CBM 187 Extra"]
[Source "ChessBase"]
[SourceDate "2018.11.04"]
[SourceVersion "1"]
[SourceVersionDate "2018.11.04"]
[SourceQuality "1"]

1. d4 Nf6 2. c4 g6 3. Nc3 Bg7 4. e4 d6 5. Nge2 0-0 6. Ng3 h5 7. h4 e5 8. d5 a5 9. Be2 Na6 10. Bg5 Kh7 11. Qd2 Nc5 12. f3 a4 13. Nb5 Bd7 14. 0-0 Bxb5 15. cxb5 Qd7 16. Rfd1 Ng8 17. Rac1 Bh6 18. Rc3 Bxg5 19. hxg5 Qe7 20. Rdc1 h4 21. Nh1 f5 22. gxf6 Nxf6 23. b4 axb3 24. axb3 Rfc8 25. Qg5 Nxd5 26. Qxe7+ Nxe7 27. b4 Ne6 28. f4 Nxf4 29. Bg4 Kh6 30. Rxc7 Rxc7 31. Rxc7 Ra1+ 32. Kh2 Ra2 33. Bh3 g5 34. Rxe7 g4 35. Ng3 hxg3+ 36. Kxg3 gxh3 37. gxh3 Ra3+ 38. Kg4 Rxh3 39. Rxb7 Rb3 40. Rd7 Rxb4 41. Rxd6+ Kg7 42. b6 Kf7 43. Kf5 Ke7 44. Rh6 Kd7 45. Kxe5 Nd3+ 1/2-1/2

[Event "Wellington Easter op"]
[Site "Wellington"]
[Date "2017.04.15"]
[Round "4"]
[White "Quere, Alexandre"]
[Black "James, Jack"]
[Result "1/2-1/2"]
[WhiteElo "2022"]
[BlackElo "2042"]
[PlyCount "36"]
[EventDate "2017.04.14"]
[EventType "swiss"]
[EventRounds "6"]
[EventCountry "NZL"]
[SourceTitle "CBM 178 Extra"]
[Source "ChessBase"]
[SourceDate "2017.06.22"]
[SourceVersion "1"]
[SourceVersionDate "2017.06.22"]
[SourceQuality "1"]

1. Nf3 d5 2. g3 c6 3. Bg2 Nd7 4. 0-0 e5 5. d3 Bd6 6. e4 dxe4 7. dxe4 Bc7 8. b3 Ne7 9. Nbd2 0-0 10. Ba3 b5 11. Nh4 Re8 12. Nf5 Nxf5 13. exf5 Nb8 14. c4 Bxf5 15. cxb5 Bd3 16. Re1 Bxb5 17. Rc1 f5 18. Nc4 Qf6 1/2-1/2

[Event "Wellington Easter op"]
[Site "Wellington"]
[Date "2017.04.14"]
[Round "1"]
[White "Quere, Alexandre"]
[Black "Sinclair, Zephan"]
[Result "1-0"]
[WhiteElo "2022"]
[BlackElo "1191"]
[PlyCount "59"]
[EventDate "2017.04.14"]
[EventType "swiss"]
[EventRounds "6"]
[EventCountry "NZL"]
[SourceTitle "CBM 178 Extra"]
[Source "ChessBase"]
[SourceDate "2017.06.22"]
[SourceVersion "1"]
[SourceVersionDate "2017.06.22"]
[SourceQuality "1"]

1. e4 e5 2. Nf3 Nc6 3. Bc4 Bc5 4. c3 Nf6 5. d3 d6 6. Bb3 h6 7. h3 0-0 8. Nbd2 Be6 9. Bc2 a5 10. Nf1 d5 11. Qe2 Qd7 12. Ng3 dxe4 13. dxe4 Rad8 14. Nh4 Ne7 15. Ngf5 Nxf5 16. exf5 Bd5 17. Be3 Bd6 18. 0-0-0 b5 19. Rhg1 e4 20. g4 Bc4 21. Qe1 Qe7 22. g5 Nd5 23. f6 Nxf6 24. gxf6 Qxf6 25. Rg4 Be6 26. Rxe4 c6 27. Kb1 Bd5 28. Bd4 Qg5 29. Rg4 Qh5 30. Rxg7+ 1-0

[Event "Barcelona Amateur op-E 7th"]
[Site "Barcelona"]
[Date "2009.03.24"]
[Round "8"]
[White "Quere, Alexandre"]
[Black "Rebull Camarasa, Ramon"]
[Result "1-0"]
[WhiteElo "2025"]
[BlackElo "1755"]
[PlyCount "33"]
[EventDate "2009.02.03"]
[EventType "swiss"]
[EventRounds "8"]
[EventCountry "ESP"]
[SourceTitle "EXT 2011"]
[Source "ChessBase"]
[SourceDate "2010.11.26"]
[SourceVersion "1"]
[SourceVersionDate "2010.11.26"]
[SourceQuality "1"]

1. d4 f5 2. c4 Nf6 3. Nc3 g6 4. h4 Bg7 5. h5 Nxh5 6. e4 d6 7. Rxh5 gxh5 8. Qxh5+ Kf8 9. Nf3 Qe8 10. Qh4 e6 11. Nb5 Na6 12. Bf4 Bd7 13. Nxc7 Qd8 14. Bxd6+ Kg8 15. Nxa8 Qxa8 16. exf5 Qe8 17. f6 1-0

[Event "Barcelona Amateur op-E 7th"]
[Site "Barcelona"]
[Date "2009.03.03"]
[Round "5"]
[White "Lopez Forn, Marc"]
[Black "Quere, Alexandre"]
[Result "1/2-1/2"]
[WhiteElo "1896"]
[BlackElo "2025"]
[PlyCount "29"]
[EventDate "2009.02.03"]
[EventType "swiss"]
[EventRounds "8"]
[EventCountry "ESP"]
[SourceTitle "EXT 2011"]
[Source "ChessBase"]
[SourceDate "2010.11.26"]
[SourceVersion "1"]
[SourceVersionDate "2010.11.26"]
[SourceQuality "1"]

1. e4 d5 2. d4 dxe4 3. Nc3 Nf6 4. f3 exf3 5. Nxf3 Bg4 6. Bc4 e6 7. Be3 Nbd7 8. 0-0 Nb6 9. Bd3 Nbd5 10. Bg5 Nxc3 11. bxc3 Qd5 12. Qe1 Bxf3 13. Bxf6 Bxg2 14. Rf5 Qd7 15. Kxg2 1/2-1/2

[Event "Barcelona Amateur op-E 7th"]
[Site "Barcelona"]
[Date "2009.02.17"]
[Round "3"]
[White "Marques Taltavull, Antonio"]
[Black "Quere, Alexandre"]
[Result "1/2-1/2"]
[WhiteElo "2179"]
[BlackElo "2025"]
[PlyCount "105"]
[EventDate "2009.02.03"]
[EventType "swiss"]
[EventRounds "8"]
[EventCountry "ESP"]
[SourceTitle "EXT 2011"]
[Source "ChessBase"]
[SourceDate "2010.11.26"]
[SourceVersion "1"]
[SourceVersionDate "2010.11.26"]
[SourceQuality "1"]

1. d4 Nf6 2. c4 g6 3. Nc3 Bg7 4. e4 d6 5. f3 0-0 6. Bg5 c5 7. d5 a6 8. Qd2 e6 9. 0-0-0 Qa5 10. h4 b5 11. Kb1 b4 12. Nce2 exd5 13. cxd5 Nxd5 14. exd5 Bf5+ 15. Ka1 Qa3 16. Nd4 Qa4 17. Nb3 Rc8 18. g4 Bd7 19. Bc4 Bb5 20. Rc1 Nd7 21. h5 Nb6 22. hxg6 Bxc4 23. gxf7+ Kf8 24. Bh6 Bxb3 25. Bxg7+ Kxf7 26. Qf4+ Kg8 27. a3 bxa3 28. Qxa4 Nxa4 29. Bc3 axb2+ 30. Bxb2 Nxb2 31. Kxb2 Rab8 32. Kc3 a5 33. Rh5 Re8 34. Nh3 Re3+ 35. Kd2 Rbe8 36. Nf4 Rxf3 37. Ne6 Bxd5 38. Rxd5 Rxe6 39. Ra1 Rf4 40. Rxa5 Rxg4 41. Ra7 Rg7 42. Ra8+ Kf7 43. Ra7+ Kf6 44. Ra6 Rd7 45. Kd3 Ke7 46. Ra8 Re5 47. Rxe5+ dxe5+ 48. Ke4 Ke6 49. Re8+ Kd6 50. Ra8 Ke6 51. Re8+ Kf6 52. Rf8+ Ke6 53. Re8+ 1/2-1/2

[Event "FRA-chT2"]
[Site "France"]
[Date "2002.03.24"]
[Round "11"]
[White "Quere, Alexandre"]
[Black "Soubrier, Aude"]
[Result "0-1"]
[WhiteElo "2045"]
[BlackElo "2065"]
[PlyCount "104"]
[EventDate "2002.??.??"]
[EventType "team"]
[EventRounds "11"]
[EventCountry "FRA"]
[SourceTitle "EXT 2003"]
[Source "ChessBase"]
[SourceDate "2002.11.25"]
[SourceVersion "1"]
[SourceVersionDate "2002.11.25"]
[SourceQuality "1"]

1. e4 c5 2. Nf3 d6 3. c3 Nf6 4. h3 Nc6 5. Bd3 g6 6. Bc2 e5 7. d4 exd4 8. cxd4 Bg7 9. 0-0 0-0 10. d5 Nb4 11. a3 Nxc2 12. Qxc2 Re8 13. Nc3 b5 14. Bg5 Rb8 15. Nd2 h6 16. Bh4 g5 17. Bg3 a5 18. a4 bxa4 19. Rxa4 Rb4 20. Rxb4 axb4 21. Nb5 Bf8 22. Ra1 Qd7 23. Qd3 Qd8 24. Ra8 Nh5 25. Nc4 Nxg3 26. fxg3 Qd7 27. Na5 Bg7 28. Ra7 Qd8 29. Qf3 f5 30. Qh5 Rf8 31. Qg6 Qf6 32. Qxf6 Bxf6 33. Nxd6 Bxb2 34. Ra8 Bd4+ 35. Kh2 Bd7 36. Rxf8+ Kxf8 37. Nxf5 Bxf5 38. exf5 Ke7 39. g4 Kd6 40. Kg3 Kxd5 41. Kf3 c4 42. Ke2 b3 43. Kd2 Be5 44. Kc1 Bc7 45. Nxb3 cxb3 46. f6 Kc4 47. f7 Bd6 48. Kd2 Bb4+ 49. Kd1 Kc3 50. Kc1 Ba3+ 51. Kb1 Kd3 52. Ka1 Kc2 0-1

[Event "FRA-chT 0102 U18"]
[Site "France"]
[Date "2002.01.06"]
[Round "7.2"]
[White "Truchot, Baptiste"]
[Black "Quere, Alexandre"]
[Result "0-1"]
[WhiteElo "1930"]
[BlackElo "2045"]
[PlyCount "66"]
[EventDate "2001.10.??"]
[EventType "team"]
[EventRounds "11"]
[EventCountry "FRA"]
[SourceTitle "EXT 2003"]
[Source "ChessBase"]
[SourceDate "2002.11.25"]
[SourceVersion "1"]
[SourceVersionDate "2002.11.25"]
[SourceQuality "1"]
[WhiteTeam "Neuilly"]
[BlackTeam "Hyeres"]
[WhiteTeamCountry "FRA"]
[BlackTeamCountry "FRA"]

1. e4 c5 2. Nc3 Nc6 3. g3 g6 4. Bg2 Bg7 5. d3 d6 6. Be3 e5 7. Nh3 Nf6 8. 0-0 0-0 9. f4 Nd4 10. Ne2 Bg4 11. Bxd4 cxd4 12. Nf2 Rc8 13. h3 Bxe2 14. Qxe2 Nh5 15. Nh1 exf4 16. gxf4 Bh6 17. Qg4 Rxc2 18. Rab1 Qb6 19. Ng3 Nxg3 20. Qxg3 Rxb2 21. Rxb2 Qxb2 22. Rf2 Qc1+ 23. Kh2 Qe1 24. Rb2 Qxg3+ 25. Kxg3 b6 26. Rc2 f5 27. e5 dxe5 28. Bd5+ Kh8 29. fxe5 Re8 30. e6 Re7 31. Rc4 Be3 32. a4 g5 33. Rc1 Bxc1 0-1

[Event "FRA-chT 0102 U18"]
[Site "France"]
[Date "2002.01.04"]
[Round "4.2"]
[White "Quere, Alexandre"]
[Black "Gregoire, Sylvain"]
[Result "0-1"]
[WhiteElo "2040"]
[BlackElo "2179"]
[PlyCount "113"]
[EventDate "2001.10.??"]
[EventType "team"]
[EventRounds "11"]
[EventCountry "FRA"]
[SourceTitle "EXT 2003"]
[Source "ChessBase"]
[SourceDate "2002.11.25"]
[SourceVersion "1"]
[SourceVersionDate "2002.11.25"]
[SourceQuality "1"]
[WhiteTeam "Hyeres"]
[BlackTeam "Avignon"]
[WhiteTeamCountry "FRA"]
[BlackTeamCountry "FRA"]

1. e4 c5 2. Nf3 Nc6 3. c3 d5 4. exd5 Qxd5 5. d4 cxd4 6. cxd4 e5 7. Nc3 Bb4 8. Bd2 Bxc3 9. Bxc3 e4 10. Ne5 Nxe5 11. dxe5 Ne7 12. Be2 0-0 13. 0-0 Qe6 14. Qc2 Qf5 15. f3 exf3 16. Bd3 Qh5 17. Rxf3 Be6 18. Be4 Rab8 19. Re1 Rfd8 20. Rg3 b5 21. Bb4 Rbc8 22. Qf2 Ng6 23. Bxg6 hxg6 24. Rc3 Qg4 25. a3 Bc4 26. Rg3 Qd7 27. Bc3 Be6 28. h4 Rc4 29. Rg5 Qe7 30. Bb4 Qd7 31. h5 Bf5 32. hxg6 Bxg6 33. e6 Qc7 34. e7 Re8 35. Rxg6 Rf4 36. Qg3 fxg6 37. Qxg6 Qd7 38. Qxe8+ Qxe8 39. Rd1 Rxb4 40. Rd8 Kf7 41. Rxe8 Kxe8 42. axb4 Kxe7 43. Kf2 Kd6 44. Ke3 Ke5 45. b3 a6 46. g3 g6 47. Kd3 Kf5 48. Ke3 Kg4 49. Kf2 Kh3 50. Kf3 g5 51. g4 Kh4 52. Ke3 Kxg4 53. Ke4 Kh3 54. Kd5 g4 55. Kc6 g3 56. Kb6 g2 57. Kxa6 0-1

[Event "FRA-chT 0001 U18"]
[Site "France"]
[Date "2001.??.??"]
[Round "9"]
[White "Quere, Alexandre"]
[Black "Boissonnier, Katiana"]
[Result "1-0"]
[WhiteElo "1990"]
[BlackElo "1630"]
[PlyCount "59"]
[EventDate "2000.??.??"]
[EventType "team"]
[EventRounds "11"]
[EventCountry "FRA"]
[SourceTitle "EXT 2003"]
[Source "ChessBase"]
[SourceDate "2002.11.25"]
[SourceVersion "1"]
[SourceVersionDate "2002.11.25"]
[SourceQuality "1"]

1. e4 c5 2. Nf3 e6 3. c3 d5 4. e5 Nc6 5. d4 cxd4 6. cxd4 Nge7 7. Na3 Nf5 8. Nc2 Qb6 9. Be2 Bb4+ 10. Kf1 Bd7 11. g4 Nh6 12. h3 Bf8 13. Rb1 g6 14. Bg5 Bg7 15. Qd2 Ng8 16. b4 f6 17. Be3 Nb8 18. Kg2 Ne7 19. b5 0-0 20. Bh6 Be8 21. Bxg7 Kxg7 22. h4 fxe5 23. dxe5 Nd7 24. Nfd4 Nc5 25. h5 Ne4 26. Qe3 g5 27. Bd3 Rf4 28. Bxe4 Rxg4+ 29. Kh2 Rxe4 30. Qxg5+ 1-0